000
00335nam a2200133 a 4500
005
20140414131904.0
008
100902s19uu xx 00 eng d
050
_a
FIC
_b
M15 2007
100
_a
McElroy, Laurie
245
_a
Face the music.
260
_a
New York :
_b
Disney Press,
_c
2007.
440
_a
Hannah Montana
999
_c
110819
_d
110819